|
|
|
|
| LEADER |
00000nam a2200000 a 4500 |
| 001 |
UCQ4690 |
| 003 |
CL-VaPUC |
| 008 |
980910e19950000SP |||||||||||||||||spa|d |
| 082 |
0 |
4 |
|a 370.1
|b PUI
|2 21
|
| 100 |
0 |
|
|a Puig Rovira, Josep María
|e author
|9 418912
|
| 245 |
1 |
0 |
|a Teoría de la educación: una aproximación sistémico-cibernética
|
| 250 |
|
|
|a 3a. ed
|
| 300 |
|
|
|a 261 p
|
| 942 |
|
|
|c BK
|
| 945 |
|
|
|d 19980910 00:00:00
|a mvenant
|
| 260 |
|
|
|a Barcelona
|b EUB
|c 1995
|
| 650 |
|
0 |
|a Filosofía de la educación
|9 258384
|
| 650 |
|
0 |
|a Comunicación en educación
|9 308055
|
| 583 |
|
|
|a last modification
|c 19980910 00:00:00
|k Rodrigo Vera
|
| 999 |
|
|
|c 275002
|d 275000
|
| 952 |
|
|
|0 0
|1 0
|4 0
|6 370_100000000000000_PUI_1995
|7 0
|8 A
|9 311503
|a BIBEDU
|b BIBEDU
|d 2019-11-20
|i 3461610
|o 370.1 PUI 1995
|p 3461610
|r 2019-11-20
|w 2019-11-20
|y BK
|k BME
|
| 952 |
|
|
|0 0
|1 0
|4 0
|6 370_100000000000000_PUI_1995
|7 0
|8 A
|9 311504
|a BIBEDU
|b BIBEDU
|d 2019-11-20
|i 3471950
|l 2
|o 370.1 PUI 1995
|p 3471950
|r 2022-05-12
|s 2022-05-12
|w 2019-11-20
|y BK
|k EDU
|